[Event "RSA-chT U20A"]
[Site "Boksburg"]
[Date "2018.12.20"]
[Round "7.4"]
[White "Loots, Eric"]
[Black "Du Plessis, Anika"]
[Result "0-1"]
[WhiteElo "1171"]
[BlackElo "1502"]
[PlyCount "72"]
[EventDate "2018.12.16"]
[EventType "team-tourn"]
[EventRounds "7"]
[EventCountry "RSA"]
[SourceTitle "EXT 2020"]
[Source "ChessBase"]
[SourceDate "2019.10.17"]
[SourceVersion "1"]
[SourceVersionDate "2019.10.17"]
[SourceQuality "1"]
[WhiteTeam "Bojanala Platina U20"]
[BlackTeam "Ekurhuleni U20"]
[WhiteTeamCountry "RSA"]
[BlackTeamCountry "RSA"]

1. d4 d5 2. Bf4 Nf6 3. e3 e6 4. Nf3 c5 5. c3 Nc6 6. Nbd2 Be7 7. Bb5 0-0 8. 0-0 a6 9. Bxc6 bxc6 10. Qc2 Bb7 11. Ng5 h6 12. Ngf3 cxd4 13. cxd4 Rc8 14. Qb3 Ba8 15. Rac1 c5 16. Rc2 c4 17. Qc3 Qb6 18. a3 Nd7 19. b4 Bc6 20. e4 dxe4 21. Ne5 Nxe5 22. dxe5 Bd5 23. Qh3 Qd8 24. Re1 Bg5 25. Qe3 Bxf4 26. Qxf4 Qd7 27. Nxe4 Bxe4 28. Qxe4 Qd5 29. Qg4 Rfd8 30. h3 c3 31. Qg3 Qb3 32. Ree2 Qxa3 33. Qh4 Rb8 34. Re4 Rd2 35. Rg4 Rxc2 36. Qxh6 Qc1+ 0-1

[Event "RSA-chT U20"]
[Site "Cape Town"]
[Date "2016.01.04"]
[Round "2.4"]
[White "Willenberg, Chad"]
[Black "Loots, Eric"]
[Result "1-0"]
[WhiteElo "1716"]
[BlackElo "967"]
[PlyCount "25"]
[EventDate "2016.01.04"]
[EventType "team-tourn"]
[EventRounds "7"]
[EventCountry "RSA"]
[SourceTitle "CBM 170 Extra"]
[Source "ChessBase"]
[SourceDate "2016.02.25"]
[SourceVersion "1"]
[SourceVersionDate "2016.02.25"]
[SourceQuality "1"]
[WhiteTeam "Western Province"]
[BlackTeam "Bojanala Platina"]
[WhiteTeamCountry "RSA"]
[BlackTeamCountry "RSA"]

1. e4 e5 2. Bc4 Nf6 3. d4 exd4 4. Nf3 Nxe4 5. Qxd4 Nd6 6. Bd3 Nc6 7. Qg4 h5 8. Qg3 Nb4 9. 0-0 g6 10. Qe5+ Be7 11. Qxh8+ Bf8 12. Bg5 Qxg5 13. Nxg5 1-0